| 000 | 00684nam a22001937a 4500 | ||
|---|---|---|---|
| 005 | 20220902232759.0 | ||
| 008 | 220902b |||||||| |||| 00| 0 eng d | ||
| 040 | _cBiblioteca Lado V | ||
| 082 |
_a861.729.5 _bD352s |
||
| 100 | _aDelgado, Nicole Cecilia | ||
| 245 | _aSucede que yo soy America/ | ||
| 260 |
_aSan Juan, Puerto Rico _bLa Impresora _c2018 |
||
| 300 |
_a95p. _c20x27cm |
||
| 650 |
_2Tesauro de Arte & Arquitectura _aPOESIA |
||
| 650 |
_2Tesauro de Arte & Arquitectura _aRECOPILACION |
||
| 650 |
_2Tesauro de Arte & Arquitectura _aPUERTO RICO |
||
| 650 |
_2Tesauro de Arte & Arquitectura _aCRITICA SOCIAL |
||
| 942 |
_2ddc _c1 _h861.729.5 D352s _n0 |
||
| 999 |
_c1937 _d1937 |
||